[Event "Hastings Masters"]
[Site "Horntye, Hastings"]
[Date "2018.01.04"]
[Round "8.28"]
[White "White, Stuart A"]
[Black "Forster, Matthew"]
[Result "1-0"]
[BlackElo "1979"]
[WhiteElo "2112"]
[LiveChessVersion "1.4.8"]

1. c4 {[%clk 1:40:57]} c5 {[%clk 1:40:50]} 2. Nf3 {[%clk 1:41:18]} Nc6
{[%clk 1:41:09]} 3. d4 {[%clk 1:41:26]} cxd4 {[%clk 1:41:31]} 4. Nxd4
{[%clk 1:41:51]} g6 {[%clk 1:41:51]} 5. e4 {[%clk 1:41:57]} Bg7 {[%clk 1:42:13]}
6. Be3 {[%clk 1:42:07]} Nf6 {[%clk 1:42:11]} 7. Nc3 {[%clk 1:42:19]} O-O
{[%clk 1:42:00]} 8. Be2 {[%clk 1:42:30]} b6 {[%clk 1:42:05]} 9. O-O
{[%clk 1:42:14]} Bb7 {[%clk 1:42:11]} 10. f3 {[%clk 1:42:34]} Nxd4
{[%clk 1:40:30]} 11. Bxd4 {[%clk 1:42:19]} e6 {[%clk 1:38:48]} 12. Qd2
{[%clk 1:34:57]} Qe7 {[%clk 1:36:58]} 13. Rad1 {[%clk 1:28:36]} Rfd8
{[%clk 1:34:23]} 14. Rfe1 {[%clk 1:20:36]} Bc6 {[%clk 1:33:00]} 15. Bf1
{[%clk 1:14:28]} d6 {[%clk 1:30:24]} 16. g3 {[%clk 1:02:02]} Rac8
{[%clk 1:24:48]} 17. Bg2 {[%clk 1:00:37]} Qb7 {[%clk 1:22:20]} 18. Rb1
{[%clk 0:56:01]} a6 {[%clk 1:15:58]} 19. a4 {[%clk 0:49:39]} e5 {[%clk 0:57:34]}
20. Be3 {[%clk 0:49:04]} Ne8 {[%clk 0:57:07]} 21. Qf2 {[%clk 0:44:17]} Rb8
{[%clk 0:47:25]} 22. Nd5 {[%clk 0:35:42]} b5 {[%clk 0:44:51]} 23. axb5
{[%clk 0:35:09]} axb5 {[%clk 0:44:58]} 24. Bf1 {[%clk 0:34:18]} Nc7
{[%clk 0:37:27]} 25. Ba7 {[%clk 0:24:20]} Ra8 {[%clk 0:32:35]} 26. Bb6
{[%clk 0:24:09]} Bxd5 {[%clk 0:32:06]} 27. cxd5 {[%clk 0:24:01]} Rab8
{[%clk 0:30:47]} 28. Be3 {[%clk 0:24:10]} f5 {[%clk 0:29:03]} 29. Ra1
{[%clk 0:20:16]} Ra8 {[%clk 0:26:49]} 30. Qc2 {[%clk 0:19:01]} Rdc8
{[%clk 0:24:41]} 31. Rxa8 {[%clk 0:18:37]} Qxa8 {[%clk 0:23:07]} 32. Rc1
{[%clk 0:17:57]} Qa5 {[%clk 0:16:53]} 33. Qc3 {[%clk 0:16:18]} Qxc3
{[%clk 0:07:36]} 34. Rxc3 {[%clk 0:16:35]} Bf6 {[%clk 0:07:21]} 35. Bxb5
{[%clk 0:11:47]} Rb8 {[%clk 0:07:23]} 36. Bd7 {[%clk 0:11:50]} f4
{[%clk 0:06:13]} 37. Bc1 {[%clk 0:08:34]} Rb7 {[%clk 0:05:31]} 38. Bc8
{[%clk 0:06:58]} Ra7 {[%clk 0:04:10]} 39. Ra3 {[%clk 0:06:46]} Rxa3
{[%clk 0:04:19]} 40. bxa3 {[%clk 0:07:11]} fxg3 {[%clk 0:04:15]} 41. hxg3
{[%clk 0:07:26]} Nb5 {[%clk 0:50:19]} 42. Kg2 {[%clk 0:53:24]} Nd4
{[%clk 0:48:02]} 43. Bd2 {[%clk 0:51:54]} Bd8 {[%clk 0:48:01]} 44. Bb4
{[%clk 0:46:20]} Bc7 {[%clk 0:47:50]} 45. a4 {[%clk 0:46:15]} g5 {[%clk 0:46:00]}
46. a5 {[%clk 0:44:28]} Nb5 {[%clk 0:45:39]} 47. Bd7 {[%clk 0:44:18]} Na7
{[%clk 0:45:42]} 48. Bd2 {[%clk 0:42:28]} h6 {[%clk 0:44:14]} 49. Be3
{[%clk 0:42:29]} Bb8 {[%clk 0:44:31]} 50. Kh3 {[%clk 0:42:34]} 1-0

[Event "Hastings Masters"]
[Site "Horntye, Hastings"]
[Date "2018.01.04"]
[Round "8.29"]
[White "Rayner, Francis"]
[Black "Ramstad, Havard"]
[Result "1/2-1/2"]
[BlackElo "1965"]
[WhiteElo "2071"]
[LiveChessVersion "1.4.8"]

1. e4 {[%clk 1:40:08]} c6 {[%clk 1:40:50]} 2. d4 {[%clk 1:40:18]} d5
{[%clk 1:41:09]} 3. Nd2 {[%clk 1:40:24]} a6 {[%clk 1:41:09]} 4. Ngf3
{[%clk 1:35:46]} Bg4 {[%clk 1:41:26]} 5. Bd3 {[%clk 1:28:38]} e6 {[%clk 1:41:32]}
6. O-O {[%clk 1:27:34]} Nf6 {[%clk 1:41:27]} 7. e5 {[%clk 1:17:47]} Nfd7
{[%clk 1:38:42]} 8. c3 {[%clk 1:12:43]} c5 {[%clk 1:38:28]} 9. Bc2
{[%clk 1:04:35]} Nc6 {[%clk 1:38:22]} 10. Nb3 {[%clk 1:04:38]} cxd4
{[%clk 1:25:29]} 11. cxd4 {[%clk 1:05:03]} Rc8 {[%clk 1:20:00]} 12. Bb1
{[%clk 1:00:09]} a5 {[%clk 1:16:34]} 13. Be3 {[%clk 0:55:59]} Qb6
{[%clk 1:12:37]} 14. Bd3 {[%clk 0:52:01]} Bxf3 {[%clk 1:08:30]} 15. Qxf3 a4
{[%clk 1:08:33]} 16. Nc1 {[%clk 0:46:03]} Nb4 {[%clk 1:02:12]} 17. Qd1
{[%clk 0:40:27]} Nxd3 {[%clk 1:00:49]} 18. Nxd3 {[%clk 0:40:21]} Qa6
{[%clk 0:58:56]} 19. Nf4 {[%clk 0:36:24]} g6 {[%clk 0:54:54]} 20. Rc1
{[%clk 0:34:57]} Nb6 {[%clk 0:45:33]} 21. Rxc8+ {[%clk 0:30:18]} Nxc8
{[%clk 0:45:35]} 22. Qg4 {[%clk 0:30:40]} Ne7 {[%clk 0:36:36]} 23. Rc1
{[%clk 0:27:45]} Nf5 {[%clk 0:32:03]} 24. Rc8+ {[%clk 0:22:23]} Kd7
{[%clk 0:31:56]} 25. Rc2 {[%clk 0:22:39]} Be7 {[%clk 0:28:12]} 26. Qd1
{[%clk 0:18:12]} Rc8 {[%clk 0:25:36]} 27. g4 {[%clk 0:15:44]} Nxe3
{[%clk 0:16:46]} 1/2-1/2

[Event "Hastings Masters"]
[Site "Horntye, Hastings"]
[Date "2018.01.04"]
[Round "8.30"]
[White "Dev, Shah"]
[Black "Verma, Aditya"]
[Result "1-0"]
[BlackElo "2069"]
[WhiteElo "1877"]
[LiveChessVersion "1.4.8"]

1. d4 {[%clk 1:40:02]} d5 {[%clk 1:40:46]} 2. Bf4 {[%clk 1:40:26]} Nf6
{[%clk 1:41:07]} 3. e3 {[%clk 1:40:41]} c5 {[%clk 1:41:23]} 4. c3
{[%clk 1:40:47]} Nc6 {[%clk 1:41:48]} 5. Nd2 {[%clk 1:40:38]} Bf5
{[%clk 1:38:23]} 6. Ngf3 {[%clk 1:40:24]} e6 {[%clk 1:36:34]} 7. Be2
{[%clk 1:39:32]} Qb6 {[%clk 1:36:10]} 8. Qb3 {[%clk 1:34:38]} c4 {[%clk 1:35:23]}
9. Qxb6 {[%clk 1:35:05]} axb6 {[%clk 1:35:28]} 10. a3 {[%clk 1:33:47]} h6
{[%clk 1:34:31]} 11. h3 {[%clk 1:33:33]} b5 {[%clk 1:32:07]} 12. Rc1
{[%clk 1:33:54]} Be7 {[%clk 1:31:43]} 13. Bd1 {[%clk 1:32:39]} Ne4
{[%clk 1:19:47]} 14. Bc2 {[%clk 1:31:10]} Nxd2 {[%clk 1:19:45]} 15. Kxd2
{[%clk 1:27:18]} Bxc2 {[%clk 1:20:07]} 16. Kxc2 {[%clk 1:27:11]} g5
{[%clk 1:20:27]} 17. Bh2 {[%clk 1:24:28]} f5 {[%clk 1:15:11]} 18. Ne5
{[%clk 1:22:26]} Na5 {[%clk 0:59:33]} 19. Rce1 {[%clk 1:21:38]} Bf6
{[%clk 0:57:52]} 20. Bg3 Bxe5 {[%clk 0:38:02]} 21. Bxe5 {[%clk 1:09:51]} Rg8
{[%clk 0:37:55]} 22. Rhg1 {[%clk 0:58:18]} Nc6 {[%clk 0:37:37]} 23. Bh2
{[%clk 0:58:16]} Kf7 {[%clk 0:36:58]} 24. f3 {[%clk 0:49:59]} h5 {[%clk 0:33:31]}
25. Bg3 {[%clk 0:41:40]} g4 {[%clk 0:30:51]} 26. Bf4 {[%clk 0:34:44]} Ne7
{[%clk 0:22:08]} 27. h4 {[%clk 0:26:23]} Ng6 {[%clk 0:16:52]} 28. Bg5
{[%clk 0:25:43]} gxf3 {[%clk 0:14:55]} 29. gxf3 {[%clk 0:26:05]} e5
{[%clk 0:15:14]} 30. e4 {[%clk 0:19:25]} Ke6 {[%clk 0:08:56]} 31. exd5+
{[%clk 0:10:24]} Kxd5 {[%clk 0:09:17]} 32. Rd1 {[%clk 0:10:35]} exd4
{[%clk 0:05:39]} 33. Rxd4+ {[%clk 0:10:45]} Kc6 {[%clk 0:04:14]} 34. Rgd1
{[%clk 0:10:42]} Ne5 {[%clk 0:03:42]} 35. Rd6+ {[%clk 0:10:04]} Kc7
{[%clk 0:03:56]} 36. Bf4 {[%clk 0:10:01]} Nc6 {[%clk 0:03:42]} 37. R6d5+
{[%clk 0:07:01]} Kb6 {[%clk 0:03:56]} 38. Rxf5 {[%clk 0:07:19]} Raf8
{[%clk 0:02:48]} 39. Be3+ {[%clk 0:05:37]} Ka6 {[%clk 0:03:08]} 40. Rxf8
{[%clk 0:05:52]} Rxf8 {[%clk 0:03:08]} 41. f4 {[%clk 0:05:57]} Re8
{[%clk 0:46:24]} 42. Bc1 {[%clk 0:51:01]} Kb6 {[%clk 0:33:20]} 43. Rd5
{[%clk 0:50:10]} Re2+ {[%clk 0:33:22]} 44. Bd2 {[%clk 0:50:25]} Na5
{[%clk 0:32:50]} 45. Kd1 {[%clk 0:49:24]} Rh2 {[%clk 0:32:52]} 46. Be3+
{[%clk 0:47:30]} Kc6 {[%clk 0:32:54]} 47. Rc5+ {[%clk 0:45:14]} Kd6
{[%clk 0:32:46]} 48. Rxb5 {[%clk 0:45:25]} Nb3 {[%clk 0:33:11]} 49. Rxh5
{[%clk 0:45:05]} Rxb2 {[%clk 0:33:18]} 50. Rg5 {[%clk 0:42:46]} Rh2
{[%clk 0:31:49]} 51. h5 {[%clk 0:42:53]} Ke6 {[%clk 0:31:16]} 52. Rb5
{[%clk 0:42:06]} Kd6 {[%clk 0:29:37]} 53. Rxb7 {[%clk 0:39:38]} Rxh5
{[%clk 0:28:04]} 54. Rb6+ {[%clk 0:39:26]} Kd7 {[%clk 0:26:07]} 55. Rb4
{[%clk 0:37:54]} Rd5+ {[%clk 0:23:57]} 56. Ke2 {[%clk 0:37:03]} Na5
{[%clk 0:23:54]} 57. Bb6 {[%clk 0:36:47]} Ke6 {[%clk 0:22:23]} 58. Bxa5
{[%clk 0:36:36]} Rxa5 {[%clk 0:22:44]} 59. Rxc4 {[%clk 0:34:34]} Rxa3
{[%clk 0:21:58]} 60. Kd3 {[%clk 0:34:55]} Ra1 {[%clk 0:21:59]} 61. Rd4
{[%clk 0:35:03]} Rd1+ {[%clk 0:21:59]} 62. Kc4 {[%clk 0:35:26]} Rc1
{[%clk 0:22:28]} 63. Kb4 {[%clk 0:35:43]} Rb1+ {[%clk 0:21:39]} 64. Kc5
{[%clk 0:34:29]} Rb8 {[%clk 0:22:06]} 65. c4 {[%clk 0:34:50]} Rc8+
{[%clk 0:22:14]} 66. Kb6 {[%clk 0:34:59]} Rb8+ {[%clk 0:22:39]} 67. Kc7
{[%clk 0:35:06]} Rb4 {[%clk 0:23:07]} 68. Kc6 {[%clk 0:35:29]} Kf5
{[%clk 0:23:06]} 69. Kd5 {[%clk 0:35:16]} Rb8 {[%clk 0:23:25]} 70. c5
{[%clk 0:35:39]} Rd8+ {[%clk 0:23:38]} 71. Kc4 {[%clk 0:36:08]} Rc8
{[%clk 0:23:49]} 72. Kb5 {[%clk 0:36:19]} Rb8+ {[%clk 0:24:11]} 73. Kc6
{[%clk 0:36:44]} Rc8+ {[%clk 0:24:39]} 74. Kb6 1-0

[Event "Hastings Masters"]
[Site "Horntye, Hastings"]
[Date "2018.01.04"]
[Round "8.31"]
[White "Tserendorj, Batsaikhan"]
[Black "Howell, Oliver W"]
[Result "0-1"]
[BlackElo "1765"]
[WhiteElo "2066"]
[LiveChessVersion "1.4.8"]

1. e4 e6 2. d4 d5 3. e5 c5 4. dxc5 Nc6 5. Bd3 Bxc5 6. Qe2 Nge7 7. f4 Qb6 8. Nf3
Bd7 9. Nc3 Nb4 10. a3 Nxd3+ 11. cxd3 Nf5 12. b4 Bd4 13. Bb2 Rc8 14. Nxd4 Nxd4 15.
Qf2 O-O 16. O-O Rxc3 17. Bxc3 Ne2+ 18. Kh1 Qxf2 19. Rxf2 Nxc3 20. Kg1 Bb5 21. Rd2
d4 22. g3 Rc8 23. Re1 g6 24. Kf2 Ra8 25. g4 a5 26. f5 axb4 27. axb4 Ra4 28. Kf3
Rxb4 29. Ra1 Ra4 30. Rxa4 Bxa4 31. Rb2 gxf5 32. gxf5 exf5 33. Kf4 Bc6 34. Kxf5 h6
35. e6 fxe6+ 36. Kxe6 Kg7 37. Ke5 Nb5 38. Rf2 Kg6 39. Rf6+ Kg5 40. Rf5+ Kg4 41.
Rf4+ Kh3 42. Rf5 Kxh2 43. Kf6 Kg3 44. Kg6 Kg4 45. Rf6 h5 0-1

[Event "Hastings Masters"]
[Site "Horntye, Hastings"]
[Date "2018.01.04"]
[Round "8.32"]
[White "Coote, Trevor D"]
[Black "Spanton, Tim R"]
[Result "1-0"]
[BlackElo "1880"]
[WhiteElo "2104"]
[LiveChessVersion "1.4.8"]

1. d4 {[%clk 1:36:14]} d5 {[%clk 1:40:55]} 2. c4 {[%clk 1:36:42]} e5
{[%clk 1:41:20]} 3. dxe5 {[%clk 1:31:57]} d4 {[%clk 1:41:44]} 4. Nf3
{[%clk 1:32:13]} Nc6 {[%clk 1:42:09]} 5. g3 {[%clk 1:32:27]} Nge7
{[%clk 1:42:25]} 6. Bg2 {[%clk 1:25:18]} Ng6 {[%clk 1:42:50]} 7. Bg5
{[%clk 1:24:41]} Qd7 {[%clk 1:42:42]} 8. O-O {[%clk 1:11:13]} h6 {[%clk 1:43:01]}
9. Bd2 {[%clk 1:11:03]} Ngxe5 {[%clk 1:43:08]} 10. Nxe5 {[%clk 1:03:57]} Nxe5
{[%clk 1:43:26]} 11. Qb3 {[%clk 1:04:16]} Bc5 {[%clk 1:39:18]} 12. Bxb7
{[%clk 0:52:04]} Rb8 {[%clk 1:39:12]} 13. Bxc8 {[%clk 0:52:21]} Qxc8
{[%clk 1:37:03]} 14. Qa4+ {[%clk 0:51:22]} c6 {[%clk 1:37:14]} 15. b4
{[%clk 0:50:22]} Bb6 {[%clk 1:34:14]} 16. Bf4 {[%clk 0:47:44]} Bc7
{[%clk 1:33:23]} 17. Nd2 {[%clk 0:40:58]} O-O {[%clk 1:32:49]} 18. Qxa7
{[%clk 0:28:47]} Bb6 {[%clk 1:27:52]} 19. Qa4 {[%clk 0:23:44]} Ra8
{[%clk 1:28:02]} 20. Qb3 {[%clk 0:23:21]} Re8 {[%clk 1:24:53]} 21. Bxe5
{[%clk 0:12:05]} Rxe5 {[%clk 1:25:12]} 22. Qf3 {[%clk 0:11:57]} Qe6
{[%clk 1:23:20]} 23. Rfe1 {[%clk 0:11:10]} Re8 {[%clk 1:22:24]} 24. a4
{[%clk 0:09:55]} Rxe2 {[%clk 1:21:17]} 25. Rxe2 {[%clk 0:08:17]} Qxe2
{[%clk 1:21:41]} 26. Qxe2 {[%clk 0:08:20]} Rxe2 {[%clk 1:22:03]} 27. Rd1
{[%clk 0:05:44]} Bd8 {[%clk 1:18:18]} 28. Nf3 {[%clk 0:05:26]} Rb2
{[%clk 1:17:25]} 29. Nxd4 {[%clk 0:05:22]} Be7 {[%clk 1:17:35]} 30. c5
{[%clk 0:04:36]} Kf8 {[%clk 1:16:39]} 31. Nxc6 {[%clk 0:05:02]} Bf6
{[%clk 1:16:00]} 32. a5 {[%clk 0:05:21]} g6 {[%clk 1:15:56]} 33. a6
{[%clk 0:05:40]} Ke8 {[%clk 1:15:29]} 34. a7 {[%clk 0:05:59]} 1-0

[Event "Hastings Masters"]
[Site "Horntye, Hastings"]
[Date "2018.01.04"]
[Round "8.33"]
[White "Ter Steeg, Marcus"]
[Black "Flynn, David"]
[Result "1-0"]
[BlackElo "1876"]
[WhiteElo "2066"]
[LiveChessVersion "1.4.8"]

1. d4 {[%clk 1:32:44]} d5 {[%clk 1:40:58]} 2. c4 {[%clk 1:33:02]} e6
{[%clk 1:41:23]} 3. Nf3 {[%clk 1:33:13]} Nf6 {[%clk 1:41:46]} 4. g3
{[%clk 1:33:28]} Be7 {[%clk 1:41:59]} 5. Bg2 {[%clk 1:33:49]} O-O
{[%clk 1:42:20]} 6. O-O {[%clk 1:34:14]} dxc4 {[%clk 1:42:44]} 7. Qc2
{[%clk 1:34:36]} a6 {[%clk 1:42:21]} 8. a4 {[%clk 1:35:01]} c5 {[%clk 1:32:29]}
9. dxc5 {[%clk 1:34:16]} Bxc5 {[%clk 1:32:17]} 10. Rd1 {[%clk 1:29:50]} Qe7
{[%clk 1:30:57]} 11. Ne5 {[%clk 1:23:17]} Nbd7 {[%clk 1:20:35]} 12. Nxc4
{[%clk 1:19:40]} Nb6 {[%clk 1:20:13]} 13. Nxb6 {[%clk 1:06:52]} Bxb6
{[%clk 1:20:22]} 14. a5 {[%clk 1:07:01]} Qc5 {[%clk 1:13:18]} 15. Qxc5
{[%clk 1:05:55]} Bxc5 {[%clk 1:13:46]} 16. b3 {[%clk 0:56:59]} Ra7
{[%clk 1:05:16]} 17. Ba3 {[%clk 0:49:14]} Bxa3 {[%clk 1:02:23]} 18. Nxa3
{[%clk 0:49:20]} Nd7 {[%clk 0:48:38]} 19. Rd6 {[%clk 0:43:48]} Rd8
{[%clk 0:47:19]} 20. Rad1 {[%clk 0:39:15]} Kf8 {[%clk 0:47:41]} 21. Nc4
{[%clk 0:39:24]} 1-0

[Event "Hastings Masters"]
[Site "Horntye, Hastings"]
[Date "2018.01.04"]
[Round "8.34"]
[White "Metcalfe, Charlie P"]
[Black "August, Daniel"]
[Result "1-0"]
[BlackElo "2056"]
[WhiteElo "1705"]
[LiveChessVersion "1.4.8"]

1. d4 {[%clk 1:40:59]} d6 {[%clk 1:40:56]} 2. Nf3 {[%clk 1:41:26]} Bg4
{[%clk 1:41:12]} 3. c4 {[%clk 1:41:25]} c6 {[%clk 1:41:34]} 4. Nc3
{[%clk 1:41:36]} e6 {[%clk 1:40:37]} 5. e4 {[%clk 1:39:48]} Nf6 {[%clk 1:37:32]}
6. Be2 {[%clk 1:38:58]} Be7 {[%clk 1:37:36]} 7. O-O {[%clk 1:38:06]} O-O
{[%clk 1:35:26]} 8. h3 {[%clk 1:37:35]} Bh5 {[%clk 1:35:24]} 9. Bf4
{[%clk 1:36:36]} Qb6 {[%clk 1:26:45]} 10. Qb3 {[%clk 0:54:03]} Na6
{[%clk 1:21:51]} 11. Qxb6 {[%clk 0:49:40]} axb6 {[%clk 1:21:57]} 12. a3
{[%clk 0:47:20]} h6 {[%clk 1:13:59]} 13. Rfe1 {[%clk 0:43:17]} Nb8
{[%clk 1:11:28]} 14. g4 {[%clk 0:41:52]} Bg6 {[%clk 1:11:43]} 15. Bd3
{[%clk 0:42:12]} Nbd7 {[%clk 1:09:19]} 16. Rad1 {[%clk 0:41:59]} Ne8
{[%clk 1:04:30]} 17. Kg2 {[%clk 0:40:32]} f6 {[%clk 0:59:31]} 18. Be3
{[%clk 0:36:49]} Nc7 {[%clk 0:55:32]} 19. Bf4 {[%clk 0:34:46]} e5
{[%clk 0:55:33]} 20. Be3 {[%clk 0:34:20]} Rfe8 {[%clk 0:47:55]} 21. Nh4
{[%clk 0:30:08]} Bf7 {[%clk 0:46:30]} 22. Nf5 {[%clk 0:29:23]} Bf8
{[%clk 0:45:05]} 23. Bf1 {[%clk 0:28:44]} Rad8 {[%clk 0:43:09]} 24. Rd2
{[%clk 0:25:21]} Kh7 {[%clk 0:42:23]} 25. Red1 {[%clk 0:23:48]} g6
{[%clk 0:42:27]} 26. Nxd6 {[%clk 0:18:36]} Bxd6 {[%clk 0:42:47]} 27. dxe5
{[%clk 0:19:03]} Nxe5 {[%clk 0:42:55]} 28. Rxd6 {[%clk 0:19:08]} Rxd6
{[%clk 0:41:33]} 29. Rxd6 {[%clk 0:19:35]} Re7 {[%clk 0:41:11]} 30. Bxb6
{[%clk 0:15:45]} Bxc4 {[%clk 0:40:41]} 31. Bxc7 {[%clk 0:12:06]} Rxc7
{[%clk 0:41:04]} 32. Rxf6 {[%clk 0:11:59]} Kg7 {[%clk 0:41:07]} 33. Rd6
{[%clk 0:09:56]} Bxf1+ {[%clk 0:41:32]} 34. Kxf1 {[%clk 0:10:24]} Nc4
{[%clk 0:41:58]} 35. Rd4 {[%clk 0:09:19]} Nxb2 {[%clk 0:42:15]} 36. e5
{[%clk 0:07:26]} b5 {[%clk 0:42:19]} 37. a4 {[%clk 0:04:30]} Re7 {[%clk 0:39:38]}
38. axb5 {[%clk 0:03:48]} Rxe5 {[%clk 0:39:30]} 39. Rd7+ {[%clk 0:02:24]} Kf8
{[%clk 0:39:49]} 40. bxc6 {[%clk 0:02:38]} Rc5 {[%clk 0:40:06]} 41. c7
{[%clk 0:02:16]} 1-0

[Event "Hastings Masters"]
[Site "Horntye, Hastings"]
[Date "2018.01.04"]
[Round "8.35"]
[White "Fowler, David"]
[Black "Lalla, Karol"]
[Result "1-0"]
[BlackElo "1600"]
[WhiteElo "1904"]
[LiveChessVersion "1.4.8"]

1. d4 {[%clk 1:40:56]} d5 {[%clk 1:40:59]} 2. c4 {[%clk 1:41:18]} e6
{[%clk 1:41:26]} 3. Nc3 {[%clk 1:41:41]} Nf6 {[%clk 1:41:50]} 4. cxd5
{[%clk 1:41:55]} exd5 {[%clk 1:42:19]} 5. Bg5 {[%clk 1:42:17]} Be7
{[%clk 1:42:40]} 6. Qc2 {[%clk 1:42:40]} c6 {[%clk 1:42:31]} 7. e3
{[%clk 1:42:57]} O-O {[%clk 1:42:55]} 8. Bd3 {[%clk 1:43:14]} h6 {[%clk 1:43:13]}
9. Bh4 {[%clk 1:42:44]} b6 {[%clk 1:42:46]} 10. Nf3 {[%clk 1:41:56]} Ba6
{[%clk 1:43:12]} 11. Ne5 {[%clk 1:40:36]} Bxd3 {[%clk 1:43:25]} 12. Qxd3
{[%clk 1:40:59]} Ne4 {[%clk 1:43:29]} 13. Bxe7 {[%clk 1:41:07]} Qxe7
{[%clk 1:43:58]} 14. O-O {[%clk 1:38:59]} Rc8 {[%clk 1:44:15]} 15. Nxe4
{[%clk 1:37:28]} dxe4 {[%clk 1:44:35]} 16. Qxe4 {[%clk 1:37:39]} f6
{[%clk 1:44:40]} 17. Qg4 {[%clk 1:38:03]} Na6 {[%clk 1:43:29]} 18. Ng6
{[%clk 1:37:19]} Qf7 {[%clk 1:42:12]} 19. Rfc1 {[%clk 1:36:20]} Rc7
{[%clk 1:42:16]} 20. Nh4 {[%clk 1:35:37]} c5 {[%clk 1:42:32]} 21. Nf5
{[%clk 1:35:27]} Kh7 {[%clk 1:42:26]} 22. Qe4 {[%clk 1:32:34]} Re8
{[%clk 1:41:37]} 23. Qb1 {[%clk 1:30:31]} Qg6 {[%clk 1:33:28]} 24. Nd6
{[%clk 1:26:43]} Qxb1 {[%clk 1:33:48]} 25. Raxb1 {[%clk 1:26:52]} Re6
{[%clk 1:32:44]} 26. Nb5 {[%clk 1:26:57]} Rd7 {[%clk 1:32:27]} 27. a3
{[%clk 1:25:10]} Re8 {[%clk 1:30:28]} 28. Rc2 {[%clk 1:24:00]} Red8
{[%clk 1:29:51]} 29. g4 {[%clk 1:22:08]} g5 {[%clk 1:29:23]} 30. Rbc1
{[%clk 1:22:06]} Kg6 {[%clk 1:29:35]} 31. Rc4 {[%clk 1:21:05]} Re8
{[%clk 1:27:06]} 32. Ra4 {[%clk 1:20:05]} cxd4 {[%clk 1:24:49]} 33. exd4
{[%clk 1:17:45]} Re2 {[%clk 1:22:17]} 34. Rxa6 {[%clk 1:17:34]} Rxb2
{[%clk 1:22:41]} 35. Rxa7 {[%clk 1:17:40]} Rd5 {[%clk 1:22:52]} 36. Rcc7
{[%clk 1:17:15]} f5 {[%clk 1:22:38]} 37. Rg7+ {[%clk 1:17:35]} Kf6
{[%clk 1:23:06]} 38. Raf7+ {[%clk 1:17:57]} Ke6 {[%clk 1:23:14]} 39. Nc7+
{[%clk 1:18:21]} 1-0

[Event "Hastings Masters"]
[Site "Horntye, Hastings"]
[Date "2018.01.04"]
[Round "8.36"]
[White "Pickersgill, Adrian O"]
[Black "Witt, Holger"]
[Result "0-1"]
[BlackElo "1585"]
[WhiteElo "1991"]
[LiveChessVersion "1.4.8"]

1. e4 {[%clk 1:40:56]} e6 {[%clk 1:40:59]} 2. d4 {[%clk 1:41:19]} d5
{[%clk 1:41:25]} 3. Nc3 {[%clk 1:41:43]} Bb4 {[%clk 1:41:47]} 4. e5
{[%clk 1:41:47]} Bf8 {[%clk 1:42:15]} 5. f4 {[%clk 1:38:54]} b6 {[%clk 1:42:07]}
6. Nf3 {[%clk 1:37:07]} Ba6 {[%clk 1:41:59]} 7. Bxa6 {[%clk 1:29:43]} Nxa6
{[%clk 1:42:27]} 8. Qe2 {[%clk 1:29:46]} Nb8 {[%clk 1:41:54]} 9. Be3
{[%clk 1:27:34]} h5 {[%clk 1:37:04]} 10. O-O-O {[%clk 1:24:58]} Ne7
{[%clk 1:37:10]} 11. Bf2 {[%clk 1:17:48]} Nf5 {[%clk 1:36:58]} 12. g3
{[%clk 1:10:48]} Be7 {[%clk 1:27:20]} 13. h3 {[%clk 1:10:58]} g6 {[%clk 1:25:22]}
14. g4 {[%clk 1:10:45]} Nh4 {[%clk 1:25:01]} 15. Bxh4 {[%clk 1:03:26]} Bxh4
{[%clk 1:24:17]} 16. g5 {[%clk 0:44:37]} Bg3 {[%clk 1:20:51]} 17. Qe3
{[%clk 0:44:22]} h4 {[%clk 1:20:48]} 18. Ne2 {[%clk 0:44:15]} Qe7
{[%clk 1:14:26]} 19. Rhg1 {[%clk 0:41:18]} Nd7 {[%clk 1:12:45]} 20. Nxg3
{[%clk 0:41:19]} hxg3 {[%clk 1:13:12]} 21. Rxg3 {[%clk 0:41:28]} c5
{[%clk 1:12:23]} 22. Qa3 {[%clk 0:28:38]} c4 {[%clk 1:08:33]} 23. Nh2
{[%clk 0:26:59]} Qxa3 {[%clk 1:05:02]} 24. Rxa3 {[%clk 0:27:14]} b5
{[%clk 1:05:02]} 25. Rf3 {[%clk 0:26:16]} a5 {[%clk 1:04:40]} 26. a3
{[%clk 0:25:02]} Nb6 {[%clk 1:04:35]} 27. Ng4 {[%clk 0:24:13]} b4
{[%clk 1:04:18]} 28. axb4 {[%clk 0:10:51]} axb4 {[%clk 1:04:13]} 29. b3
{[%clk 0:10:44]} c3 {[%clk 1:00:27]} 30. Kb1 {[%clk 0:09:55]} Ke7
{[%clk 1:00:16]} 31. Rdd3 {[%clk 0:05:19]} Ra7 {[%clk 0:58:19]} 32. Rxc3
{[%clk 0:05:09]} bxc3 {[%clk 0:58:27]} 33. Rxc3 {[%clk 0:05:33]} Rc8
{[%clk 0:58:36]} 34. Rd3 {[%clk 0:02:18]} Rac7 {[%clk 0:58:25]} 35. Rd2
{[%clk 0:01:27]} Rc3 {[%clk 0:58:44]} 36. Nf2 {[%clk 0:00:46]} Rf3
{[%clk 0:56:23]} 37. Kb2 {[%clk 0:00:52]} Rxf4 {[%clk 0:56:08]} 0-1

[Event "Hastings Masters"]
[Site "Horntye, Hastings"]
[Date "2018.01.04"]
[Round "8.37"]
[White "Kearsley, Raymond J"]
[Black "Wilson, Matthew R"]
[Result "1-0"]
[BlackElo "1782"]
[WhiteElo "1720"]
[LiveChessVersion "1.4.8"]

1. e4 {[%clk 1:37:10]} c5 {[%clk 1:40:56]} 2. Nf3 {[%clk 1:37:33]} e6
{[%clk 1:41:23]} 3. c4 {[%clk 1:37:53]} d6 {[%clk 1:39:33]} 4. d4 cxd4
{[%clk 1:39:58]} 5. Nxd4 {[%clk 1:36:30]} a6 {[%clk 1:40:19]} 6. Nc3
{[%clk 1:36:36]} Nf6 {[%clk 1:39:41]} 7. Be2 {[%clk 1:33:38]} Qc7
{[%clk 1:38:41]} 8. O-O {[%clk 1:33:10]} b6 {[%clk 1:38:38]} 9. f4
{[%clk 1:31:15]} Bb7 {[%clk 1:37:18]} 10. Bf3 {[%clk 1:30:27]} Nbd7
{[%clk 1:36:13]} 11. Qe2 {[%clk 1:17:19]} Rc8 {[%clk 1:26:59]} 12. b3
{[%clk 0:56:42]} Be7 {[%clk 1:27:10]} 13. Be3 {[%clk 0:46:59]} b5
{[%clk 1:22:21]} 14. Rac1 {[%clk 0:40:59]} bxc4 {[%clk 1:21:18]} 15. g4
{[%clk 0:41:09]} Nc5 {[%clk 1:12:31]} 16. Qg2 {[%clk 0:32:17]} cxb3
{[%clk 0:59:00]} 17. axb3 {[%clk 0:31:49]} Nfd7 {[%clk 0:57:10]} 18. f5
{[%clk 0:22:44]} Ne5 {[%clk 0:44:49]} 19. fxe6 {[%clk 0:22:35]} fxe6
{[%clk 0:43:56]} 20. b4 {[%clk 0:22:08]} Nxf3+ {[%clk 0:33:45]} 21. Qxf3
{[%clk 0:22:29]} Rf8 {[%clk 0:33:23]} 22. Qe2 {[%clk 0:17:07]} e5
{[%clk 0:28:27]} 23. Nf5 {[%clk 0:16:11]} Rxf5 {[%clk 0:20:52]} 24. gxf5
{[%clk 0:16:04]} Nb3 25. Nd5 {[%clk 0:15:51]} Qd7 {[%clk 0:18:24]} 26. Rxc8+ Bxc8
{[%clk 0:16:33]} 27. Qh5+ {[%clk 0:16:03]} Kd8 {[%clk 0:14:43]} 28. Bb6+ 1-0